Impact of Abusive Supervision of Feedback Avoiding Behavior with Moderating Role of Big-Five Personality Traits & Burnout: (Record no. 527492)
[ view plain ]
| 000 -LEADER | |
|---|---|
| fixed length control field | 00652nam a22001697a 4500 |
| 020 ## - INTERNATIONAL STANDARD BOOK NUMBER | |
| Qualifying information | Hard Cover. |
| 082 ## - DEWEY DECIMAL CLASSIFICATION NUMBER | |
| Classification number | 658 |
| 100 ## - MAIN ENTRY--PERSONAL NAME | |
| Personal name | Ghazanfar, Ahsan |
| 245 ## - TITLE STATEMENT | |
| Title | Impact of Abusive Supervision of Feedback Avoiding Behavior with Moderating Role of Big-Five Personality Traits & Burnout: |
| Remainder of title | A Case of Power Distribution Sector in Pakistan / |
| Statement of responsibility, etc. | Ahsan Ghazanfar. |
| 260 ## - PUBLICATION, DISTRIBUTION, ETC. | |
| Place of publication, distribution, etc. | Islamabad: |
| Name of publisher, distributor, etc. | NBS - NUST, |
| Date of publication, distribution, etc. | 2016. |
| 300 ## - PHYSICAL DESCRIPTION | |
| Extent | 57 p. : |
| Dimensions | 30cm. |
| 650 ## - SUBJECT ADDED ENTRY--TOPICAL TERM | |
| Topical term or geographic name entry element | MBA Thesis. |
| 700 ## - ADDED ENTRY--PERSONAL NAME | |
| Personal name | Mr. Asad Amjad. |
| 856 ## - Uniform Resource Identifier | |
| Uniform Resource Identifier | <a href="http://10.250.8.41:8080/xmlui/handle/123456789/2642">http://10.250.8.41:8080/xmlui/handle/123456789/2642</a> |
| 942 ## - ADDED ENTRY ELEMENTS (KOHA) | |
| Source of classification or shelving scheme | |
| Koha item type | Thesis |
| 650 ## - SUBJECT ADDED ENTRY--TOPICAL TERM | |
| -- | 17629 |
| 700 ## - ADDED ENTRY--PERSONAL NAME | |
| -- | 17657 |
| Withdrawn status | Lost status | Source of classification or shelving scheme | Damaged status | Not for loan | Permanent Location | Current Location | Shelving location | Date acquired | Full call number | Barcode | Date last seen | Price effective from | Non-public note | Koha item type |
|---|---|---|---|---|---|---|---|---|---|---|---|---|---|---|
| Central Library (CL) | Central Library (CL) | Thesis | 07/28/2019 | 658 | CL-T-2777 | 08/02/2019 | 07/28/2019 | Minute Sheet No. 0929/02/CL/Survey/5 dated 23rd April 2024 E-MIN ID 114741 | Thesis |
